The physics and engineering of solid state lasers / (Record no. 27461)
[ view plain ]
| 000 -LEADER | |
|---|---|
| fixed length control field | 00974nam a22002534a 4500 |
| 005 - DATE AND TIME OF LATEST TRANSACTION | |
| control field | 2009061500400.0 |
| 008 - FIXED-LENGTH DATA ELEMENTS--GENERAL INFORMATION | |
| fixed length control field | 050908s2006 waua b 001 0 eng |
| 010 ## - LCCN (DPL NO) | |
| LC control number | ENG-94009 |
| 020 ## - INTERNATIONAL STANDARD BOOK NUMBER | |
| International Standard Book Number | 9788120337725 |
| Terms of availability | 195.00 |
| 035 ## - SYSTEM CONTROL NUMBER | |
| System control number | EN-77542 |
| 037 ## - SOURCE OF ACQUISITION | |
| Source of stock number/acquisition | DBAD / PUB |
| 040 ## - CATALOGING SOURCE | |
| Original cataloging agency | dpl |
| Language of cataloging | English |
| 082 ## - DEWEY DECIMAL CLASSIFICATION NUMBER | |
| Classification number | 621.3661 |
| 100 ## - MAIN ENTRY--PERSONAL NAME | |
| Personal name | Kalisky, Yehoshua |
| 245 ## - TITLE STATEMENT | |
| Title | The physics and engineering of solid state lasers / |
| Statement of responsibility, etc | by Yehoshua Kalisky |
| 260 ## - PUBLICATION, DISTRIBUTION, ETC. (IMPRINT) | |
| Place of publication, distribution, etc | New Delhi |
| Name of publisher, distributor, etc | PHI Learning |
| Date of publication, distribution, etc | 2009 |
| 270 ## - ADDRESS | |
| Address | M-97, Connaught Circus, |
| City | New Delhi |
| Postal code | 110001 |
| 300 ## - PHYSICAL DESCRIPTION | |
| Extent | xiv, 203 p. : |
| Other physical details | ill. ; |
| Dimensions | 26cm(pbk) |
| 490 ## - SERIES STATEMENT | |
| Series statement | Tutorial texts series ; |
| Volume number/sequential designation | v. TT71 |
| 504 ## - BIBLIOGRAPHY, ETC. NOTE | |
| Bibliography, etc | Includes bibliographical references and index. |
| 650 ## - SUBJECT ADDED ENTRY--TOPICAL TERM | |
| Topical term or geographic name as entry element | Solid-state lasers. |
| 942 ## - ADDED ENTRY ELEMENTS (KOHA) | |
| Source of classification or shelving scheme | Dewey Decimal Classification |
| Item type | English Books |
| Classification part | 621.3661 |
| Call number suffix | KAL |
| Withdrawn status | Lost status | Source of classification or shelving scheme | Damaged status | Not for loan | Collection code | Home library | Current library | Date acquired | Source of acquisition | Cost, normal purchase price | Total Checkouts | Full call number | Barcode | Date last seen | Copy number | Cost, replacement price | Koha item type |
|---|---|---|---|---|---|---|---|---|---|---|---|---|---|---|---|---|---|
| Dewey Decimal Classification | Not For Loan | Non-fiction | D.B.Act.Division | D.B.Act.Division | 15/06/2009 | DBAD / PUB | 195.00 | 621.3661 KAL | EN-77542 | 15/06/2009 | 1 | 195.00 | English Books |
